| 000 | 00355nam a2200109Ia 4500 | ||
|---|---|---|---|
| 008 | 171204s9999 xx 000 0 und d | ||
| 245 | _aData Analytics for Beginners: Basic Guide to Master Data Analytics: | ||
| 245 | _cPaul Kinley | ||
| 260 | _c2016 | ||
| 650 | _xBUSINESS INTELLIGENCE AND ANALYTICS | ||
| 856 | _uhttp://down.ebook777.com/053/1539896730.pdf | ||
| 999 |
_c347139 _d347139 |
||